000 00412pam a2200157a 44500
008 230515b1992 xxu||||| |||| 00| 0 eng d
020 _aNULL
041 _aENGLISH
082 _a618.2
100 _aPADUBIDRI V G
245 _aPRACTICAL HAND BOOK OF GYNAECOLOGY OBDTETRICS AND FAMILY PLANNING
250 _a1
260 _aNEW DELHI
_bB I PUBLICATIONS PVT LTD
_c1992
300 _a150
650 _aOBDTETRICS
999 _c482594
_d482594